Found Heaven- Conan Gray (Lyrics) - Statistics

General Stats
  • This quiz has been taken 28 times
  • The average score is 160 of 185
Answer Stats
Part Lyrics % Correct
a
100%
alone
100%
darkest
100%
get
100%
in
100%
into
100%
never
100%
night
100%
Intro No
100%
no
100%
the
100%
to
100%
walk
100%
we
100%
Verse 1 You
100%
you
100%
You'll
100%
your
100%
Verse 2 Your
100%
above
94%
Everybody
94%
God
94%
him
94%
is
94%
love
94%
need
94%
satisfied
94%
sin?
94%
sleep
94%
this
94%
until
94%
us
94%
wants
94%
wedding
94%
you're
94%
You're
94%
(You're
94%
be
88%
child
88%
do
88%
Chorus Don't
88%
don't
88%
(Don't
88%
little
88%
ring
88%
scared
88%
There's
88%
always
82%
believe
82%
demon
82%
everything
82%
Father
82%
found
82%
Heaven
82%
holy
82%
innocent
82%
meant
82%
ruined
82%
said
82%
sky
82%
soul
82%
start
82%
war
82%
and
76%
But
76%
Can
76%
Heart
76%
heart
76%
Of
76%
one
76%
repent
76%
that
76%
feeling
71%
pray
71%
as
65%
begged
65%
frightened
65%
leave
65%
prayed
65%
bags
59%
breaking
59%
door
59%
now)
59%
pack
59%
unchanged
59%
back
53%
look
53%
momma's
53%
trapped
53%
Gods
47%
No matching quizzes found
Score Distribution
Percent of People with Each Score
Percentile by Number Answered
Your Score History
You have not taken this quiz